000 00708nam a22002297a 4500
005 20170124110001.0
010 _aA-806251
020 _c00.00
_a8121406005
035 _aA-806251
037 _bCen Lib/Ret
040 _aDPL
_bEN
082 _a364.3
_bBHA
100 _aBhadauria, Y.S.
_915885
245 _aHistory sheeters of India /
_cby Y.S.Bhadauria
260 _aNew Delhi
_bNational Publishing House
_c1996
270 _a23, Darya Ganj
_bNew Delhi
_e110002
300 _axv,164p. :
_c22cm(Hb)
_bill.
500 _aIncludes index
650 _aCriminals -- Rehabilitation -- India.
_915886
650 _aPrison administration -- India.
_915887
942 _2ddc
_cEN
_h364.3
_mBHA
999 _c125889
_d125889